|
|
|
|
| LEADER |
00885nam a22002177i 4500 |
| 003 |
GR-PaULI |
| 005 |
20210117210409.0 |
| 008 |
170601b2005 gr ||||f |||| 00| 1 gre d |
| 040 |
|
|
|a GR-PaULI
|b gre
|c GR-PaULI
|e AACR2
|
| 041 |
0 |
|
|a gre
|
| 082 |
0 |
4 |
|2 23
|a 889.34
|
| 100 |
1 |
|
|9 162334
|a Μαρουδή, Μάρη
|e συγγραφέας
|
| 245 |
1 |
0 |
|a Λάθος συμπεράσματα /
|c Μάρη Μαρούδη.
|
| 260 |
|
|
|a Αθήνα :
|b Ροές,
|c 2005.
|
| 300 |
|
|
|a 227 σ. ;
|c 21εκ.
|
| 490 |
1 |
|
|a Έλληνες Συγγραφείς / Ροές
|
| 830 |
|
0 |
|9 157950
|a Έλληνες συγγραφείς (Ροές)
|
| 942 |
|
|
|2 ddc
|c BK15
|
| 952 |
|
|
|0 0
|1 0
|2 ddc
|4 0
|6 889_340000000000000_ΜΑΡ
|7 0
|9 212859
|a LISP
|b LISP
|c DON
|d 2017-06-01
|e ΒΑΛ
|i 128511
|l 0
|o 889.34 ΜΑΡ
|p 025000246402
|r 2017-06-01 00:00:00
|t 1
|v 2017.00
|w 2017-06-01
|y BK15
|
| 998 |
|
|
|c ΣΑΤΛΑΝΗΣ
|d 2017-05
|
| 999 |
|
|
|c 129469
|d 129469
|